000 00621nam a2200205 a 4500
005 20260322212011.0
008 data
010 _a87-1492
020 _a088048201x
020 _a978-0-8804-8201-1
096 _aWM 29.1 P974 1988
100 1 _aLiberman, Robert P.
245 1 0 _aPsychiatric rehabilitation of chronic mental patients/
_cRobert P. Liberman.
260 _aWashington, D. C.
_bAmerican Psychiatric Press
_cc1988
300 _axxii, 319 pages, ;
_c illus.
500 _aIncludes bibliography and index.
650 0 2 _aChronic Disease
_xrehabilitation
650 0 2 _aMental Disorders
_xrehabilitation
001 data
999 _c236
_d236